000 00675nam a2200193Ia 4500
008 151121s9999||||xx |||||||||||||| ||und||
082 _a818/पाध्ये
082 _bHNW-56155
100 _aपाध्ये प्रभाकर
245 _aआभाळातील अभ्रे
260 _b"कॉन्टिनेंन्टल प्रकाशन,पुणे।"
260 _c--
300 _a126
600 _aपाध्ये प्रभाकर
630 _aआभाळातील अभ्रे
700 _aपाध्ये प्रभाकर
730 _aआभाळातील अभ्रे
942 _cBOOK
999 _c1238774
_d1238771